000 00703nab a2200217u 4500
001 19362
003 HDC
007 c| |||a|c|aaaa
008 210226b20100125my ||||o |||| 00| 0 eng d
040 _aHDC
245 0 _aAl Islami Foods voted super brand for the second time
336 _atext
_2rdacontent
337 _acomputer
_2rdamedia
338 _aonline resource
_2rdacarrier
650 _aAl Islami Foods
_917797
650 _aSuperbrands Council
_917796
856 _zRequest full-text at [email protected]
942 _2lcc
942 _cNEWS
942 _kNWS0 003525
999 _c16678
_d16678